00385nam a22001457a 450000500170000001000130001702000230003003500130005303700290006608200080009510000200010324500490012326000460017230000210021820190516131522.0 aB-225826 a0195673107c495.00 aB-225826 bOxford University Press. a882 aKarnad, Girish. aCollected Plays Volume One /cGirish Karnad. aNew DelhibOxford University Press.c2005 a318pc22cm (hbk)